000 00599nam a2200169Ia 4500
008 090711s9999 xx 000 0 und d
082 _b71034
100 _aसहस्त्रबुद्धे अविनाश
245 _aदुर्मिळ अक्षरधन
260 _c1993
300 _a259
600 _aसहस्त्रबुद्धे अविनाश
630 _aदुर्मिळ अक्षरधन
700 _aसहस्त्रबुद्धे अविनाश
730 _aदुर्मिळ अक्षरधन
942 _cBOOK
999 _c311400
_d311400